Responses for Show #554 - Thursday, January 22, 1987

The 24th clue of the Double Jeopardy! Round & Final Jeopardy! appeared on Season 6, Episode 8 of The Goldbergs.

Contestants

[<< previous game]

Maryanne Cerra, a teacher from Cooper City, Florida

Ed Zimmerman, a textbook supervisor from San Diego, California

Jerry Salzman, a systems analyst originally from Akron, Ohio (whose 2-day cash winnings total $20,882)

[next game >>]

Jeopardy! Round responses

LAKES & RIVERS
BRITISH HOLIDAYS
"IF"FY SONGS
AUGUST
CRITICALLY SPEAKING
LETTER PERFECT
    $100 16
Lake Superior

Jerry
    $100 6
"If I Were A Carpenter"

Jerry
    $100 3
(Maryanne: What are the streetcars in San Francisco?)
[Originally ruled correct; reversed before clue 11]

the cable cars

Maryanne
Triple Stumper
    $100 26
[The end-of-round signal sounds.]

Saturday Night Live

Ed
    $100 4
K

Ed
    $200 15
the Blue River

Ed
    $200 25
Halloween

Jerry
    $200 12
"If I Knew You Were Coming"

Jerry
    $200 18
the Social Security Act

Ed
    $200 24
Prince Andrew

Ed
    $200 5
U

Maryanne
    $500 1
the Jordan River

Jerry
    $300 13
"If I Were A Rich Man"

Jerry
    $300 19
a heart transplant

Jerry
    $300 17
Vamp

Maryanne
    $300 8
T

Maryanne
    $400 2
Lake Mead

Ed
    $400 9
"If Ever I Would Leave You"

Jerry
    $400 20
Sacco and Vanzetti

Jerry
    $400 22
Bob Dylan

Triple Stumper
    $400 10
(Jerry: What is D-E-F?)
(Ed: What is G?)
...
(Alex: Jerry suddenly realizes his error, I believe. We were calling for one letter, you gave us three.)

D

JerryEd
Triple Stumper
    $500 7
(Ed: What is the Rhine?)

Oder (or Main)

JerryEd
    $500 14
"If You Want To Be Happy For The Rest Of Your Life"

Jerry
    $500 21
(Alex: With less than a minute to go.)

the Yukon (or the Klondike)

Jerry
    $500 23
(Jerry: Who was Laurence Harvey?)

Marilyn Monroe

Jerry
Triple Stumper
    $500 11
(Alex: [*] is for Apple.)

A

Maryanne

Scores at the first commercial break (after clue 10):

Jerry Ed Maryanne
$1,100 -$400 $400

Scores at the end of the Jeopardy! Round:

Jerry Ed Maryanne
$3,100 $300 $1,200

Double Jeopardy! Round responses

WORLD WAR I
FEATHERED FRIENDS
TOUGH TV TRIVIA
PEOPLE
CORPORATE AMERICA
ALICE IN WONDERLAND
    $200 1
(Jerry: What were the Germans?)

the Allies

JerryEd
    $200 25
titmice

Jerry
    $200 23
(Alex: We've got less than a minute to go.)

Mr. Ed

Maryanne
    $200 8
Paul Simon

Jerry
    $200 16
IBM

Jerry
    $200 9
white

Jerry
    $400 2
(Ed: What is the Soviet Union?)
[Accepted without remark]

Russia

Ed
    $400 22
pheasant

Jerry
    $400 26
Tsar Peter of Russia (Peter the Great)

Ed
    $400 10
(Ed: None. What is none?)

1

JerryEd
    $1,600 17
knowing the right people

Jerry
    $400 7
"eat me"

Maryanne
    $600 3
Eddie Rickenbacker

Jerry
    $600 21
under the neck (the throat)

Ed
    $600 18
(Ed: Who is Gahan Wilson?)

Charles Addams

JerryEd
    $600 11
pencils

Jerry
    $600 4
the Mock Turtle

Triple Stumper
    $800 14
the person that shot Archduke Ferdinand

Ed
    $800 28
[The end-of-round signal sounds.]

David Wolper

Ed
    $800 19
(Jerry: Who is Brigitte Bardot?)

Jane Fonda

JerryMaryanne
    $800 12
Eveready

Jerry
    $800 5
Tweedledum & Tweedledee

Jerry
    $1000 15
daylight saving time

Triple Stumper
    $1000 24
(Ed: What is a sea hawk?)

an osprey

JerryEd
    $1000 27
the Miss Universe pageant

Triple Stumper
    $1000 20
Merv Griffin

Jerry
    $1000 13
Girl Scout cookies

Ed
    $1000 6
(Jerry: What are unbirthday cards?)
(Alex: Hmm...)
(Jerry: Unbirthday greetings?)
(Alex: We'll give it to you. You were close enough. [*].)

unbirthday presents

Jerry

Scores at the end of the Double Jeopardy! Round:

Jerry Ed Maryanne
$11,700 $2,500 $2,600
(lock game)

[wagering suggestions for these scores]

Final Jeopardy! Round responses

CITIES
(Alex: We were conducting a contestant search last year in this city, and as we were driving in from the airport, the man who was driving the limousine turned around, he said, "That's where such-and-such was held, and that's where such-and-such was held." And I said, "That'd be a good Final Jeopardy." Let's find out if it was, in fact, a good Final Jeopardy.)
EdWhat is the city of St. Louis?
$2,450
MaryanneWhat is San Francisco?
$1,427
JerryWhat is St. Louis?
$3,000
St. Louis

Final scores:

Jerry Ed Maryanne
$14,700 $4,950 $1,173
3-day champion: $35,582 2nd place: trip to Palm Springs + Amelia Earhart luggage 3rd place: Emerson VCR

Game dynamics:

Coryat scores:

Jerry Ed Maryanne
$10,300 $2,500 $2,600
27 R
(including 2 DDs),
4 W
13 R,
5 W
7 R,
1 W

Combined Coryat: $15,400

[game clues] [game scores] [suggest correction]

Game tape date: 1986-10-15
The J! Archive is created by fans, for fans. Scraping, republication, monetization, and malicious use prohibited; this site may use cookies and collect identifying information. See terms. The Jeopardy! game show and all elements thereof, including but not limited to copyright and trademark thereto, are the property of Jeopardy Productions, Inc. and are protected under law. This website is not affiliated with, sponsored by, or operated by Jeopardy Productions, Inc. Join the discussion at JBoard.tv.